[Event "Recco op-B 4th"]
[Site "Recco"]
[Date "2010.11.28"]
[Round "5"]
[White "Spinetta, Gianni"]
[Black "Cecchi, Giuseppe"]
[Result "0-1"]
[WhiteElo "1604"]
[BlackElo "1762"]
[PlyCount "138"]
[EventDate "2010.11.26"]
[EventType "swiss"]
[EventRounds "5"]
[EventCountry "ITA"]
[SourceTitle "EXT 2023"]
[Source "ChessBase"]
[SourceDate "2022.10.05"]
[SourceVersion "1"]
[SourceVersionDate "2022.10.05"]
[SourceQuality "1"]

1. c4 Nf6 2. Nc3 d6 3. d4 g6 4. Bg5 h6 5. Bxf6 exf6 6. e3 Bg7 7. Bd3 0-0 8. Nf3 Nc6 9. a3 Ne7 10. 0-0 b6 11. Be4 Rb8 12. Qc2 f5 13. Bd3 Bb7 14. e4 fxe4 15. Bxe4 Bxe4 16. Nxe4 f5 17. Nc3 Nc6 18. Rad1 Qf6 19. Nd5 Qf7 20. b4 Nd8 21. Rfe1 Re8 22. Rxe8+ Qxe8 23. Nxc7 Qd7 24. Nd5 Ne6 25. Qd2 Qb7 26. Re1 Re8 27. Nf4 Qf7 28. h3 Kf8 29. Nd5 Qb7 30. Nf4 Qf7 31. d5 Nc7 32. Rxe8+ Qxe8 33. Qe3 Qxe3 34. fxe3 Kf7 35. Nd4 g5 36. Nfe6 Nxe6 37. Nxe6 Bb2 38. a4 Ba3 39. b5 Ke7 40. Kf2 Bb2 41. Kf3 Be5 42. g4 fxg4+ 43. Kxg4 Kf7 44. Kf5 Bf6 45. Nc7 h5 46. Ke4 Kg6 47. Ne6 Be7 48. Nd4 g4 49. hxg4 h4 50. Nf5 Bg5 51. Nxd6 h3 52. Kf3 Bxe3 53. Ne4 h2 54. Kg2 Bf4 55. Nf2 Bd6 56. Kf3 Kg5 57. Kg2 Be5 58. Nd3 Bd6 59. Ne1 Kxg4 60. Nf3 h1Q+ 61. Kxh1 Kxf3 62. Kg1 Ke3 63. Kg2 Kd3 64. Kf3 Kxc4 65. Ke4 Kb4 66. Kf5 Kxa4 67. Ke6 Bh2 68. Kd7 Kxb5 69. d6 Bxd6 0-1